La Constitution Francaise de la 5eme république - Statistiques

Statistiques générales
  • Ce quiz a été pris 178 fois
  • Le résultat moyen est 7 sur 10
Statistiques - réponses
Question Réponse % Correct
L'article 1 La France est une République indivisible, laïque, démocratique et sociale. Elle assure l'égalité devant la loi de tous les citoyens sans distinction d'origine, de race ou de religion. Elle respecte toutes les croyances. Son organisation est décentralisée.
95%
Article 24 Le Parlement vote la loi. Il contrôle l'action du Gouvernement. Il évalue les politiques publiques.
82%
Article 17 Le Président de la République a le droit de faire grâce.
82%
Article 9 Le Président de la République préside le conseil des ministres.
82%
Article 2 La langue de la République est le français. L'emblème national est le drapeau tricolore, bleu, blanc, rouge.
75%
Article 20 Le Gouvernement détermine et conduit la politique de la nation. Il dispose de l'administration et de la force armée.
75%
Article 66-1 Nul ne peut être condamné à la peine de mort.
65%
Article 27 Tout mandat impératif est nul. Le droit de vote des membres du Parlement est personnel.
56%
Article 64 Le Président de la République est garant de l'indépendance de l'autorité judiciaire.
49%
Article 89 La forme républicaine du Gouvernement ne peut faire l'objet d'une révision.
46%
Aucun quiz correspondant
Distribution des résultats
% des personnes avec chaque résultat
Percentile par nombre de réponses
Votre historique - résultats
Vous n’avez pas pris ce quiz